[Event "USA-ch"]
[Site "Seattle"]
[Date "2002.01.07"]
[Round "3"]
[White "Kaidanov, Gregory S"]
[Black "Ambartsoumian, Armen"]
[Result "1-0"]
[WhiteElo "2596"]
[BlackElo "2388"]
[Annotator "Dautov,R"]
[PlyCount "115"]
[EventDate "2002.01.05"]
[EventType "swiss"]
[EventRounds "9"]
[EventCountry "USA"]
[SourceTitle "CBM 087"]
[Source "ChessBase"]
[SourceDate "2002.03.21"]
[SourceVersion "1"]
[SourceVersionDate "2002.03.21"]
[SourceQuality "1"]

1. d4 d5 2. c4 e6 3. Nc3 Nf6 4. Bg5 Be7 5. e3 h6 6. Bh4 O-O 7. Nf3 b6 8. Be2
Bb7 9. Bxf6 Bxf6 10. cxd5 exd5 11. b4 c6 12. O-O a5 13. bxa5 Rxa5 14. a4 Ba6 {
Der Abtausch der Läufer erleichtert das weiße Spiel etwas: so wird der Bauer
c6 schwächer und der typische Vorstoß c6-c5 wegen der Schwäche d5 schwer
möglich. Schwarz hat an dieser Stelle zwei bessere Pläne.} (14... c5 15. Qb3
Na6 16. Rfb1 Nb4 17. Na2 Nxa2 18. Rxa2 Ba6 19. Bxa6 Rxa6 $10 {Lautier,
J-Kramnik,V/Beograd 1997}) (14... Bc8 15. Qc2 Be6 16. Rfd1 Nd7 17. h3 Be7 18.
Bd3 Re8 19. Ne2 Qa8 20. Rdc1 c5 21. Bb5 Rc8 22. Nf4 Nf8 $11 {Greenfeld,
A-Gurevich,M/Ohrid 2001}) 15. Bxa6 Rxa6 16. Qb3 Nd7 17. Rfe1 Qa8 18. Rad1 Be7
19. h3 Bd6 (19... Nf6 $142) 20. e4 dxe4 21. Nxe4 Bc7 22. Nc3 $14 {Weiß steht
einen Tick besser, seine Figuren sind aktiver und der Vorstoß d4-d5 ist
jederzeit möglich.} Bd6 (22... Nf6 23. Ne5 $14) 23. Nh4 Ra5 24. Ne4 Bc7 25. Qf3
Qd8 $1 {Die rechtzeitige Reaktion auf die Angriffsabsichten von Weiß, die
schwarze Dame eilt ihrem König zu Hilfe.} (25... Rxa4 $2 26. Qg4 Qd8 27. Nf5 g6
28. Nxh6+ Kh7 29. Nxf7 $1 Rxf7 30. Ng5+ Kg8 31. Nxf7 Kxf7 32. Qe6+ $16) 26. Nf5
Kh7 $1 ({Fehlerhaft wäre} 26... g6 27. Nxh6+ Kg7 28. Qe3 Qh4 29. Ng4 f5 30. g3
Qxh3 31. Ng5 Qxg4 32. Qe7+ Kh6 33. Kg2 Nf6 34. Ne6 $18) 27. Nc3 ({In Frage kam
} 27. Nfd6 Bxd6 (27... Rxa4 $2 28. Nxf7 $16) 28. Nxd6 Rd5 29. Nc4 $14) 27...
Qf6 28. d5 g6 29. Nd4 cxd5 {Schwarz hat sich umsichtig verteidigt, und es
sieht so aus, als ob der Remisschluß nicht lange auf sich warten lassen wird.
Aber Kaidanov findet eine interessante Möglichkeit, den Kampf fortzusetzen.}
30. Qxf6 $5 (30. Nxd5 Qxf3 31. Nxf3 Bd8 $11) 30... Nxf6 31. Re7 Bd8 (31... Bd6
$5 32. Rb7 Be5 33. Rxb6 Kg7 $11) 32. Rb7 {/\Ne6} Kg8 33. Ndb5 Ra8 (33... Re8 $5
34. Nd6 Rf8 $11) 34. Na7 {Mit dem Bauernopfer hat Weiß seine Figuren maximal
aktiviert.} Ne4 35. Nxe4 (35. Nxd5 $2 Nc5) 35... dxe4 36. Rd4 Re8 37. Rdd7 Rf8
38. Kf1 $14 Bf6 (38... Bg5 39. Rxb6 Rfd8 40. Rbb7 $14) 39. Rxb6 Rxa7 $2 (39...
Rfd8 $14) 40. Rxa7 Bd4 41. a5 Rc8 $2 (41... Bxb6 42. axb6 Rb8 43. b7 Kg7 44.
Ke2 Kf6 45. Ke3 Ke5 46. g4 $16) 42. Rd7 $18 Rc1+ 43. Ke2 Rc2+ 44. Kd1 Bxb6 45.
axb6 Rb2 46. b7 Kg7 47. Kc1 Rb6 48. Kc2 Kf6 49. Rd6+ Rxd6 50. b8=Q Rd5 51. Qh8+
Kg5 52. Qe8 Rf5 53. Qe7+ f6 54. Qxe4 Rxf2+ 55. Kd3 Rf4 56. Qe3 Kf5 57. g4+ Kg5
58. Qg3 1-0

[Event "ASEAN GM 3rd"]
[Site "Bangkok"]
[Date "2004.08.01"]
[Round "4"]
[White "Dao, Thien Hai"]
[Black "Zaw, Win Lay"]
[Result "1-0"]
[WhiteElo "2583"]
[BlackElo "2532"]
[Annotator "Dautov,R"]
[PlyCount "95"]
[EventDate "2004.07.30"]
[EventType "tourn"]
[EventRounds "10"]
[EventCountry "THA"]
[EventCategory "11"]
[SourceTitle "CBM 103"]
[Source "ChessBase"]
[SourceDate "2004.11.11"]
[SourceVersion "1"]
[SourceVersionDate "2004.11.11"]
[SourceQuality "1"]

{[%mdl 32768]} 1. d4 Nf6 2. c4 e6 3. Nf3 d5 4. Nc3 Be7 5. Bg5 O-O 6. e3 h6 7.
Bh4 b6 8. Rc1 (8. Qb3 Bb7 9. Bxf6 Bxf6 10. cxd5 exd5 11. Rd1 Re8 12. Bd3 c5 (
12... c6)) 8... Bb7 9. Bxf6 Bxf6 10. cxd5 exd5 11. Qb3 {Weiß versucht, die
Partie in das System 8.Qb3 überzuleiten (s.8.Qb3).} c6 $6 {Dieser Zug ist
ungenau. Wie im System 8.Qb3, ist hier 8...Re8! die beste Reaktion.} (11... Re8
$1 12. Be2 (12. Bd3 $2 c5 $17) 12... c6 (12... c5 $6 13. dxc5 d4 14. Rd1 Nd7
15. Nxd4 (15. c6 Bxc6 16. exd4 Bxf3 17. gxf3 Nf8 18. Ne4 $14) 15... Nxc5 16.
Qc4 Bxg2 17. Rg1 Bh3 18. Nf5 Bxf5 19. Rxd8 Raxd8 20. Qf4 Bg6 21. h4 $14 {
Skembris,S-Garcia,G/Novi Sad 1990}) 13. O-O Nd7 (13... Na6 14. Rfd1 Qd6) 14.
Rfd1 Nf8 15. Bd3 Ne6 {, und Schwarz hat im Vergleich zu der Partie ein Tempo
mehr (Bf1-e2-d3 anstatt Bf1-d3).}) 12. Bd3 Nd7 13. O-O Re8 14. Rfd1 Nf8 15. Bb1
Ne6 16. a3 Ng5 $5 {Trotz des Minustempos ist die Stellung des Schwarzen sehr
solide. Mit dem Textzug entkräftet er die typische Idee e3-e4.} (16... g6 $5)
17. Ne5 {Konsequent gespielt, aber Schwarz hat nach dem Folgenden Figurenopfer
nichts zu befürchten.} (17. Nxg5 Bxg5 18. Qc2 g6 19. b4 Qd6 $11) (17. Qc2 Nxf3+
18. gxf3 g6 19. Ne2 Rc8 20. Nf4 Qd7 21. b4 $13) 17... Bxe5 18. dxe5 Rxe5 $1 19.
f4 Rxe3 (19... Nh3+ $2 20. gxh3 Rxe3 21. Qc2 g6 22. Rd3 $14) 20. fxg5 Qxg5 21.
Qc2 g6 22. Qf2 Rae8 $11 {Die Stellung ist etwa ausgeglichen, wobei Schwarz ein
leichteres Spiel hat.} 23. Rf1 Qe7 (23... f5 $5) 24. Qf4 Ba6 25. Rfd1 h5 26. h3
Bc4 (26... Qe5 $5 27. Qxe5 R3xe5 28. Kf2 Kg7 $11) 27. Ba2 Rxc3 $2 {Ein
ernsthafter Fehler, die weißen Türme entfalten danach eine große Aktivität.
Stattdessen sollte Schwarz mit 27...b5 die Spannung aufrechthalten.} (27... b5
$1 28. Bxc4 bxc4 29. Rf1 $11) 28. Rxc3 Bxa2 29. Rxc6 $14 Qe5 30. Qxe5 Rxe5 31.
Rc7 {Nun kann Schwarz auf Dauer den Verlust eines Bauern nicht vermeiden.} a5 (
31... Re2 32. Rxa7 Rxb2 33. Rf1 d4 34. Rd7 Be6 35. Rxd4 b5 $16) 32. Rb7 a4 (
32... Re6 33. Rf1 f6 34. Rc1 Bc4 35. b3 Bb5 36. Rc8+ Be8 37. Rd8 $16) 33. Rxb6
Re2 34. Rf1 Bb3 35. Rf2 $16 Re1+ 36. Kh2 Rd1 37. Kg3 d4 38. Kf4 Kg7 39. Rd6 Be6
40. Ke5 d3 41. Kf4 Bb3 42. Rd4 Bc2 43. Rd7 Bb3 44. Kg5 Re1 $2 (44... Bc4 45.
Rf6 Kf8 $16) 45. Rxd3 Re4 46. g4 $2 (46. Rd7 $18) 46... f6+ 47. Kh4 hxg4 48.
hxg4 1-0

[Event "Lippstadt 12th"]
[Site "Lippstadt"]
[Date "2004.07.30"]
[Round "7"]
[White "Romanishin, Oleg M"]
[Black "Baramidze, David"]
[Result "1/2-1/2"]
[WhiteElo "2541"]
[BlackElo "2487"]
[Annotator "Dautov,R"]
[PlyCount "158"]
[EventDate "2004.07.24"]
[EventType "tourn"]
[EventRounds "9"]
[EventCountry "GER"]
[EventCategory "10"]
[SourceTitle "CBM 103"]
[Source "ChessBase"]
[SourceDate "2004.11.11"]
[SourceVersion "1"]
[SourceVersionDate "2004.11.11"]
[SourceQuality "1"]

{[%mdl 32768]} 1. d4 d5 2. c4 e6 3. Nf3 Be7 4. Nc3 Nf6 5. Bg5 h6 6. Bh4 O-O 7.
e3 b6 8. Bd3 Bb7 9. O-O Nbd7 10. Bg3 c5 11. Qe2 cxd4 12. exd4 dxc4 (12... Bb4
13. Rac1 Bxc3 14. bxc3 dxc4 15. Bxc4 Ne4 16. Bh4 g5 17. Bd3 $14) 13. Bxc4 Nh5 (
13... a6 14. a4 Nh5 15. d5 Nxg3 16. hxg3 exd5 17. Bxd5 Bxd5 18. Nxd5 Re8 19.
Rad1 Bc5 20. Qc4 $14) 14. d5 Nxg3 15. hxg3 exd5 16. Bxd5 Bxd5 17. Nxd5 Re8 18.
Rad1 Bc5 19. Qc4 Rc8 20. Qf4 a5 21. Qf5 $1 $146 {Soweit war alles bekannt,
erst dieser Zug ist neu. Weiß verstärkt seinen Druck im Zentrum und stellt die
Drohung 22.Nxb6 auf.} (21. a3 Re6 22. b4 axb4 23. axb4 Bd6 24. Qd4 Qe8 25. Rfe1
Ne5 26. Nxe5 Bxe5 27. Qg4 Rcc6 28. b5 Rcd6 $11 {Gligoric,S-Petrosian,T/Zuerich
1961}) 21... Nf6 $6 {Baramidze hofft, das entstehende schlechtere Endspiel zu
halten. Vorzuziehen war m.E. 21...Re6.} (21... Re6 22. Nf4 Rd6 23. Rxd6 Bxd6
24. Rd1 Nf6 25. Ne5 Qf8 26. Nfg6 fxg6 27. Qe6+ Kh7 28. Rxd6 b5 $11) 22. Nxf6+
Qxf6 23. Qxf6 gxf6 24. Rfe1 Rxe1+ 25. Nxe1 Bb4 26. Nd3 Be7 $6 {Der Zug ist mit
der fehlerhaften Idee verbunden, den Läufer auf f6 aufzustellen. Die dabei
entstehende Schwäche des Pf5 wird die schwarze Verteidigung erheblich
erschweren. Deutlich besser war 26...Rc2, und Weiß kann nicht mehr erreichen
als ein besseres, aber remisliches Turmendspiel.} (26... Rc2 $1 27. Nxb4 (27.
Kf1 Kg7 28. Rc1 Rd2) 27... axb4 28. b3 Rxa2 29. Rd4 Rc2 30. Rxb4 Rc6 31. Rb5
Kg7 32. g4 Kg6 33. Kh2 Re6 34. f3 Kg7 35. Kg3 Kg6 36. Kf4 Kg7 $14) 27. Kf1 f5
$6 28. Ke2 Bg5 29. Ne1 Re8+ 30. Kf1 Bf6 31. b3 a4 32. Rd5 axb3 33. axb3 Bc3 34.
Nc2 $2 {Nichts sprach gegen den Bauerngewinn nach 34.Nd3!.} (34. Nd3 $1 $16)
34... Be5 {Ab jetzt ist der Bauerngewinn an eine Schwächung (f2-f4) gekoppelt.}
35. Rb5 Re6 36. Nb4 (36. f4 Bg7 37. Rxf5 Rc6 38. Ne1 Rc3 $14) 36... Kg7 37. Nd3
f6 38. Rd5 Re7 39. Ne1 Kf7 40. f4 Bc3 41. Nf3 Ra7 42. Rb5 Ra1+ 43. Kf2 Ra2+ 44.
Kg1 Ra6 45. Kh2 Ke6 46. Kh3 Kd6 $1 47. Rxf5 {Nach langem Manövrieren gewann
Romanischin schließlich den Bauern f5, aber die Verwertung des Vorteils ist
schwierig.} Ra3 48. b4 Rb3 49. b5 Ke6 50. Rh5 Kf7 51. Rd5 (51. Kg4 Ke6 52. Nh4
Be1 53. Nf5 Bf2 $16) 51... Bb4 52. Rd7+ Ke8 53. Rh7 Bc3 54. Rc7 Bb2 55. Nd2
Rxb5 56. Nc4 Kf8 57. Nxb2 Rxb2 {Das Turmendspiel ist remislich.} 58. Rh7 Rb1
59. Kg4 Rb5 60. Rxh6 Kg7 61. Rh1 Kg6 62. Rd1 Rc5 63. Rd6 b5 64. Rb6 Rd5 65. Kf3
Rd3+ 66. Kf2 Rd2+ 67. Kg1 Kf5 $1 68. Rxb5+ Kg4 69. Kh2 Rd7 70. Rb3 f5 71. Ra3
Rh7+ 72. Kg1 Rb7 73. Rc3 Ra7 74. Re3 Rb7 75. Kf1 Rb1+ 76. Kf2 Rb2+ 77. Kg1 Rb7
78. Rd3 Ra7 79. Rb3 Rc7 1/2-1/2

[Event "Sarajevo Bosnia 34th"]
[Site "Sarajevo"]
[Date "2004.05.18"]
[Round "1"]
[White "Bologan, Viktor"]
[Black "Short, Nigel D"]
[Result "1-0"]
[WhiteElo "2665"]
[BlackElo "2712"]
[Annotator "Dautov,R"]
[PlyCount "79"]
[EventDate "2004.05.18"]
[EventType "tourn"]
[EventRounds "9"]
[EventCountry "BIH"]
[EventCategory "15"]
[SourceTitle "CBM 101"]
[Source "ChessBase"]
[SourceDate "2004.07.27"]
[SourceVersion "1"]
[SourceVersionDate "2004.07.27"]
[SourceQuality "1"]

1. d4 {Bologan} Nf6 2. c4 e6 3. Nf3 d5 4. Nc3 Be7 5. Bg5 {Bologan: 'Until now
Nigel is the main expert of the Queen's Gambit for Black. And if he loses
sometimes against 5.Bf4, against 5.Bg5 he lost for the last time in 1992 from
Lev Polugaevsky.'} h6 6. Bh4 O-O 7. e3 b6 8. Bd3 ({In the before mentioned
game Polugaevsky played} 8. Qb3 {Bologan} Bb7 9. Bxf6 Bxf6 10. cxd5 exd5 11.
Rd1 c6 12. Bd3 Na6 13. O-O Nc7 14. Ne5 Re8 15. f4 Ne6 16. Bb1 Rc8 17. Qc2 Nf8
18. a3 Rc7 19. e4 Bc8 20. exd5 cxd5 21. Ba2 Bb7 22. Qd3 {with a classical
advantage for White - Polugaevsky, L - Short, N/Paris 1992 It (active)}) 8...
Bb7 9. O-O Nbd7 10. Bg3 $5 {Ein flexibler Zug, der in erster Linie von
Romanishin und Yermolinsky in die Turnierpraxis eingeführt wurde. Weiß legt
die Stellung seiner Türme nicht zu früh fest, geht aber sofort dem Abtausch
der schwarzfeldrigen Läufer aus dem Weg.} c5 11. cxd5 Nxd5 ({Die Stellungen
nach 11...exd5 sind zwar durchaus spielbar für Schwarz, jedoch tauscht der
Nachziehende in der Tartakower-Variante immer gerne ein paar Figuren ab, bevor
er das Bauerpaar c5+d5 bildet.} 11... exd5 12. Rc1 a6 13. Bb1 Re8 14. Ne5 (14.
Ne5 Nxe5 15. Bxe5 $14 {Chernin,A}) 14... Nf8 15. a4 Bd6 16. Ba2 b5 17. axb5
axb5 $11 {Novikov,I-Yudasin,L/Lvov 1987}) 12. Nxd5 {Bologan: 'An attempt to
determine the situation in the centre.'} ({Bologan: Often Mehr verbreitet ist} 
12. Rc1 {Bologan: 'is played.'}) 12... exd5 {Bologan: 'Despite that this move
was played by Kramnik, I think that better is'} ({Nach} 12... Bxd5 13. e4 $1 (
13. Rc1 Nf6 14. dxc5 Bxc5 15. Ne5 Bb7 16. Rc4 a5 $11 {Bisguier,A-Marovic,D/
Zagreb 1965}) 13... Bb7 14. Rc1 {Bologan: 'with transposition to 12.Rc1.'} cxd4
15. Bc7 Qe8 16. Nxd4 {hat Weiß eine leichte Initiative, siehe die Partien
Atalik-Beliavsky und Khalifman-Asrian.}) 13. Ne5 $1 $146 {Bologan: '+/= '
Bologan: 'This is a typical knight manoeuvre in such kind of positions. White
will use the outpost on e5 for development of initiative on the King's side as
while Black's pawns run up on the Queen's side is not so dangerous.' Der erste
neue Zug. Bologan fürchtet nicht c5-c4 und setzt auf sein Spiel auf dem
Königsflügel.} (13. b3 a6 14. Rc1 Re8 15. Re1 Nf6 16. Bh4 Ne4 17. Bxe7 Qxe7 18.
Rc2 a5 $11 {Bologan: 'Gelfand, B - Kramnik, V, 2001, Astana'} 19. Qc1 Rec8 20.
Rd1 a4 21. h3 axb3 22. axb3 Qf6 $11 {Gelfand,B-Kramnik,V/Astana 2001}) 13...
Nxe5 (13... Nf6 $5) (13... c4 {Bologan that was the reason why Gelfand played
13.b3} 14. Bc2 b5 $14 {and White is slightly better.}) (13... cxd4 {Bologan}
14. exd4 Nxe5 15. Bxe5 Bd6 16. f4 f6 17. Qg4 $1) 14. Bxe5 c4 $1 {Prinzipiell
gespielt.} 15. Bc2 f6 $8 {Bologan: 'Obviously Black must make an attempt to
neutralise White's Bishops, which are directed against Black's King. '} ({
An attempt for immediate exchange of the dark squared Bishops with} 15... Bd6 {
Bologan can be transformed to the direct attack on the King.} 16. f4 (16. Qh5
Bxe5 17. dxe5 d4) 16... f6 (16... Bxe5 17. fxe5 Qg5 18. Qe2 $16) 17. Qg4 $1 {
and White's control over the light squares is good enough compensation for the
piece.} (17. Qh5 fxe5 18. fxe5 Qg5 (18... Qe8 19. Qxe8 Raxe8 20. exd6 Rxf1+ 21.
Rxf1 Rd8) 19. Qxg5) 17... fxe5 18. fxe5 Qe8 19. exd6 Qxe3+ 20. Kh1 Rxf1+ 21.
Rxf1 Rf8 22. Rxf8+ Kxf8 23. Qf5+ Kg8 24. h3 $18) 16. Bf4 {Bologan: 'It is
possible also to return to g3, but I wanted to keep the possibility of taking
on h6.'} f5 {Bologan: 'It is the only convenient way to cover up the b1-h7
diagonal.'} (16... Bd6 {Bologan} 17. Qg4 Bxf4 18. exf4 Bc8 19. Qg6 f5 20. Rfe1
Qf6 21. Qxf6 Rxf6 22. Re8+ Rf8 23. Re5 $16) (16... Qd7 {Bologan} 17. Qh5 f5 18.
g4 fxg4 19. Qg6 Qc6 20. Qh7+ Kf7 21. f3 $36) 17. Be5 {Bologan: 'e5 field is a
key field in such type of positions.'} (17. g4 {Bologan} Bg5 18. Be5 f4) 17...
b5 18. f4 ({Immediate try to open the file does not give specific dividends
after} 18. g4 {Bologan} Bc8 19. gxf5 Bxf5 20. Bxf5 Rxf5 21. f4 Qe8 $14 {
despite White keeps slight advantage in this position also.}) (18. Qh5 {Bologan
} Qe8 19. Qh3 Bc8 20. Qg3 Qf7) 18... Bc8 $1 {Die Bauernmajorität auf dem
Damenflügel gesichert, kümmert sich Short um seinen König und verbessert
gleichzeitig die Stellung seines weißfeldrigen Läufers.} 19. Rf3 $1 {Bologan:
'White's Bishop on e5 is staying nice, but this is not enough for winning the
game. Despite of better interaction of White pieces, Black has some advantage
in space and possibility for attack on the queen side with pawns. Summarizing
White must have concrete plan - Rook transition on g6, after which Black
should go on concessions.'} (19. Qh5 {Bologan} Qe8 20. Qh3 a5 {[%cal Ga8a6] /\
Ra6}) 19... Bf6 20. Rg3 Qe8 21. h4 {Bologan: 'Otherwise it is not possible to
take full control over the g6 field.'} a5 22. h5 Kh8 (22... b4 23. Rg6 a4 $2
24. Qf3 Be6 25. Bd6 $16) 23. Qf3 Be6 24. Rg6 b4 {Schwarz hat bei der Umsetzung
seines Planes größere Fortschritte gemacht, er braucht nur wenige Züge (Ra6,a4)
, um einen Freibauern zu bilden. Dagegen hat Weiß noch keine konkreten
Drohungen.} (24... a4 {Bologan} 25. a3 {and the pawns avalanche is stopped.}) (
24... Qe7 $5 {Bologan waiting for an opportunity.}) 25. b3 $1 $11 {Mit diesem
feinen Zug kann Weiß das Gleichgewicht behaupten. Seine Idee besteht nun darin,
nach dem vorgeschalteten Abtausch auf f6 und c4 d4-d5 zu spielen.} (25. Qg3 {
Bologan} Qe7 (25... Ra7) 26. Ba4 Bg8) 25... Bxe5 $2 {[%mdl 16384] Eine falsche
Entscheidung. Nach diesem Abtausch wird die schwarze Dame an ihren Be6
gebunden sein, und der Bauer f5 wird zur Schwäche neigen. Die oben skizzierte
Idee von Weiß war längst nicht so gefährlich.} (25... c3 $6 {Schließt die
Stellung und ergibt nicht mehr als Ausgleich.} 26. Rf1 $11) (25... cxb3 $6 26.
axb3 $14) (25... Rc8 $1 {wäre eine logische Fortsetzung. Nach} 26. Bxf6 $1 (26.
bxc4 {Bologan} dxc4 27. d5 Bd7 ({After} 27... Bxe5 {I have estimated the
transition to a favourable ending, which was confirmed by home analysis.} 28.
fxe5 Bf7 29. Qxf5 Bxg6 30. Qxg6 Qxg6 31. Bxg6 Rc5 (31... c3 32. Bc2 (32. d6
Rfd8 33. Rd1 a4 (33... Rc6 34. Kf2 Kg8 35. Ke2 a4 36. Bc2) 34. e6 b3 35. e7 $18
) 32... Rc5 33. e4 Rc4 34. e6 Rd4 35. Rd1 Rxd1+ 36. Bxd1 Re8 37. Bb3 $18) (
31... b3 32. axb3 cxb3 33. Rxa5 Rc3 34. e6 Rxe3 35. Ra7 Re1+ 36. Kh2 Rb8 37. e7
$18) 32. e6 Rxd5 33. e7 Rg8 34. e8=Q Rxe8 35. Bxe8 $16) 28. Qg3 Rf7 29. Bxf6
Rxf6 30. Rxg7 c3 (30... a4 31. e4 fxe4 32. Re1 Bf5 33. Rb7 Qf8 34. Bxe4 Qc5+
35. Kh2 $18) 31. a3 $36) 26... Rxf6 27. Rxf6 gxf6 28. bxc4 dxc4 ({Oder} 28...
Rxc4 29. Bb3 Rc3 30. Bxd5 Bxd5 31. Qxd5 Qxe3+ 32. Kh1 $11) 29. d5 Bd7 30. Rd1 (
30. Qh3 $11) 30... a4 31. Qh3 b3 (31... c3 32. Kh2 $11) 32. axb3 axb3 33. Bxf5
Bxf5 34. Qxf5 c3 35. Qxf6+ Kg8 36. Qxh6 {werden die schwarzen Bauern durch das
Dauerschach "gestoppt":} c2 (36... Rc7 37. Qb6 c2 38. Rc1 $11) 37. Qg5+ $11)
26. fxe5 Rc8 27. Rf1 {Bologan: 'This is more reliable.'} ({Despite of
attractiveness of the before mentioned endgame after} 27. bxc4 {Bologan} dxc4 (
27... Rxc4 28. Bb3) 28. d5 Bf7 29. Qxf5 Bxg6 30. Qxg6 Qxg6 31. Bxg6 {and the
probability of making an error is high enough.}) 27... cxb3 ({A nice position
arises after} 27... c3 {Bologan} 28. g4 $1 Bf7 29. gxf5 Bxg6 30. hxg6 Rc6 31.
Qxd5 $18) 28. Bxb3 Bf7 $2 ({Mit} 28... Qd7 $1 {konnte Short noch den
ungefähren Ausgleich halten.} 29. g4 {Bologan} fxg4 30. Qxf8+ Rxf8 31. Rxf8+
Kh7 32. Kf2 Qe7 33. Bc2 $18) 29. Rd6 {Nun fällt der Bauer d5, und Weiß
übernimmt das Kommando.} Bxh5 30. Qf4 $1 {Bologan: 'Exactly - increasing
threats and improving piece positions.'} ({After} 30. Qxd5 {Bologan on what
for certain relied Short} Be2 31. Re1 a4 32. Rxe2 Rc1+ 33. Kf2 axb3 34. Qxb3
Qh5 {and Black simply take up the initiative.}) 30... Kh7 {Bologan: 'Otherwise
it will be difficult to fight against the Rh6 threat.'} (30... Be2 {Bologan}
31. Rxh6+ gxh6 32. Qxh6+ Kg8 33. Bxd5+ Rf7 34. Rxf5) (30... Rd8 {Bologan} 31.
e6 Be2 32. Rc1) 31. Bxd5 Be2 32. Re1 Bc4 (32... Bd3 {Bologan} 33. e4 Rc3 34.
exf5 Rxf5 35. Be4 Bxe4 36. Qxe4) 33. Bxc4 {Bologan: 'Despite of big White's
advantage he must play vigorously. His King is covered by only one pawn and
material balance must be kept.'} Rxc4 34. e4 $16 {Die beweglichen weißen
Zentrumsbauern entscheiden das Schicksal der Partie.} Rc2 (34... fxe4 {Bologan}
35. Qxe4+ Kh8 36. e6 Qe7 37. Rd7 Qf6 38. e7 Re8 39. Rf1) 35. exf5 Rxa2 36. Qe4
{Bologan: 'Very often in positions with Queens, the advantage goes for that
side, which is able to take the control over the central square. Now for
example Black's Queen is forced to go to the corner.'} Qa8 (36... a4 {Bologan}
37. f6+ Kh8 38. fxg7+ Kxg7 39. Qg4+) 37. Qg4 {Bologan: 'Again I did not wanted
to calculate pawns race.'} (37. Qxa8 {Bologan} Rxa8 38. e6 b3 39. e7 b2 40. Rd8
Ra1 41. e8=Q Rxd8 42. Qg6+ Kh8 43. f6 Rxe1+ 44. Kf2) 37... Qa7 38. f6 $18 {
Bologan: 'Long ago the number of threats has exceeded the critical mass.'} Rf7
39. e6 Rxf6 40. Rd7 1-0